Najwyższe wulkany na kontynentach - Statystyki

Ogólne statystyki
  • Ten quiz został rozwiązany 164 razy
  • Średni wynik to 4 z 20
Statystyki odpowiedzi
Lp. Odpowiedź % Poprawnych
7. Etna Europa
85%
7. Włochy
51%
1. Chile, Argentyna
33%
5. USA (Hawaje)
32%
3. Rosja
30%
2. Meksyk
28%
4. Tanzania
23%
5. Mauna Kea Australia i Oceania
17%
3. Kluczewska Sopka Azja
16%
1. Ojos del Salado Ameryka Południowa
16%
6. Erebus Antarktyda
15%
2. Orizaba Ameryka Północna
14%
7. 3323
11%
2. 5636
10%
1. 6893
9%
5. 4205
8%
4. Meru Afryka
8%
4. 4566
7%
3. 4850
7%
6. 3794
6%
Nie znaleziono quizów pasujących do podanych kryteriów
Rozkład punktacji
Procent ludzi z każdym wynikiem
Percentyl według liczby udzielonych odpowiedzi
Twoja historia wyników
Nie rozwiązałeś tego quizu